<?xml version="1.0" encoding="UTF-8"?>
<record
    xmlns:xsi="http://www.w3.org/2001/XMLSchema-instance"
    xsi:schemaLocation="http://www.loc.gov/MARC21/slim http://www.loc.gov/standards/marcxml/schema/MARC21slim.xsd"
    xmlns="http://www.loc.gov/MARC21/slim">

  <leader>01912nam a2200349   4500</leader>
  <controlfield tag="001">331</controlfield>
  <controlfield tag="003">OSt</controlfield>
  <controlfield tag="005">20250528074018.0</controlfield>
  <controlfield tag="008">250327b        |||||||j |||| 00| 1 eng d</controlfield>
  <datafield tag="020" ind1=" " ind2=" ">
    <subfield code="a">9788539513253</subfield>
  </datafield>
  <datafield tag="040" ind1=" " ind2=" ">
    <subfield code="b">Por</subfield>
  </datafield>
  <datafield tag="041" ind1=" " ind2=" ">
    <subfield code="h">eng</subfield>
    <subfield code="a">por</subfield>
  </datafield>
  <datafield tag="082" ind1=" " ind2=" ">
    <subfield code="a">028.5</subfield>
    <subfield code="b">S879c</subfield>
  </datafield>
  <datafield tag="100" ind1=" " ind2=" ">
    <subfield code="a">Stone, Rex</subfield>
    <subfield code="9">494</subfield>
  </datafield>
  <datafield tag="240" ind1=" " ind2=" ">
    <subfield code="a">Dinosaur Cove: Filght of the Winged Serpent</subfield>
  </datafield>
  <datafield tag="245" ind1=" " ind2=" ">
    <subfield code="a">A Caverna dos Dinossauros </subfield>
    <subfield code="b">O voo da serpente alada / </subfield>
    <subfield code="c">Stone, Rex ;  tradu&#xE7;&#xE3;o de Barbara Sampaio Vieira Duarte e ilustra&#xE7;&#xE3;o de Mike Spoor</subfield>
  </datafield>
  <datafield tag="260" ind1=" " ind2=" ">
    <subfield code="a">S&#xE3;o Paulo</subfield>
    <subfield code="b">Fundamento</subfield>
    <subfield code="c">2015</subfield>
  </datafield>
  <datafield tag="300" ind1=" " ind2=" ">
    <subfield code="a">56 p.</subfield>
    <subfield code="b">il. </subfield>
  </datafield>
  <datafield tag="490" ind1="1" ind2=" ">
    <subfield code="a">A Caverna dos Dinossauros </subfield>
    <subfield code="v">Livro 4</subfield>
  </datafield>
  <datafield tag="520" ind1=" " ind2=" ">
    <subfield code="a">Durante a constru&#xE7;&#xE3;o de uma maquete para o novo Museu dos Dinossauros, Jamie descobre um fato raro. O pai dele, um grande especialista em dinossauros, tem uma d&#xFA;vida sobre um animal pr&#xE9;-hist&#xF3;rico!

E Jamie sabe exatamente onde encontrar a resposta para essa d&#xFA;vida.

Assim, ele e Tom, seu amigo, partem para o Mundo dos Dinossauros. A miss&#xE3;o dos dois &#xE9; encontrar o quetzalcoatlus, um imenso dinossauro alado, e descobrir onde essa esp&#xE9;cie de nome bem complicado constr&#xF3;i seus ninhos.

Com a ajuda do Descobridor de F&#xF3;sseis, eles logo encontram o dino voador. Mas nada &#xE9; t&#xE3;o simples no Mundo dos Dinossauros...

O quetzalcoatlus captura Wanna, o dinossauro amigo dos garotos, e o leva para o ninho cheio de filhotes. Ser&#xE1; que Wanna vai virar refei&#xE7;&#xE3;o de pequenas serpentes aladas? Bem, s&#xF3; lendo para saber...
</subfield>
  </datafield>
  <datafield tag="650" ind1=" " ind2="0">
    <subfield code="a">Literatura Americana</subfield>
    <subfield code="9">84</subfield>
  </datafield>
  <datafield tag="650" ind1=" " ind2="0">
    <subfield code="a">Infantojuvenil</subfield>
    <subfield code="9">200</subfield>
  </datafield>
  <datafield tag="650" ind1=" " ind2="0">
    <subfield code="a">Dinossauros </subfield>
    <subfield code="9">495</subfield>
  </datafield>
  <datafield tag="650" ind1=" " ind2="0">
    <subfield code="a">Aventura</subfield>
    <subfield code="9">47</subfield>
  </datafield>
  <datafield tag="650" ind1=" " ind2="0">
    <subfield code="a">Grandes Amizades</subfield>
    <subfield code="9">28</subfield>
  </datafield>
  <datafield tag="655" ind1=" " ind2="0">
    <subfield code="a">Romance</subfield>
    <subfield code="9">23</subfield>
  </datafield>
  <datafield tag="655" ind1=" " ind2="0">
    <subfield code="a">Fic&#xE7;&#xE3;o </subfield>
    <subfield code="9">22</subfield>
  </datafield>
  <datafield tag="700" ind1=" " ind2=" ">
    <subfield code="a">Barbara Sampaio Vieira Duarte</subfield>
    <subfield code="e">TRADUTORA</subfield>
    <subfield code="9">496</subfield>
  </datafield>
  <datafield tag="700" ind1=" " ind2=" ">
    <subfield code="a">Mike Spoor</subfield>
    <subfield code="e">Ilustrador</subfield>
    <subfield code="9">497</subfield>
  </datafield>
  <datafield tag="830" ind1=" " ind2=" ">
    <subfield code="a">A Caverna dos Dinossauros </subfield>
    <subfield code="v">Livro 4</subfield>
    <subfield code="9">498</subfield>
  </datafield>
  <datafield tag="942" ind1=" " ind2=" ">
    <subfield code="2">ddc</subfield>
    <subfield code="n">0</subfield>
    <subfield code="c">BK</subfield>
  </datafield>
  <datafield tag="952" ind1=" " ind2=" ">
    <subfield code="0">0</subfield>
    <subfield code="1">0</subfield>
    <subfield code="2">ddc</subfield>
    <subfield code="3">vol. 04</subfield>
    <subfield code="4">0</subfield>
    <subfield code="7">0</subfield>
    <subfield code="a">BIBIB</subfield>
    <subfield code="b">BIBIB</subfield>
    <subfield code="d">2025-03-27</subfield>
    <subfield code="e">doa&#xE7;&#xE3;o</subfield>
    <subfield code="l">0</subfield>
    <subfield code="o">IJ 028.5 / S879c</subfield>
    <subfield code="p">2025-17285</subfield>
    <subfield code="r">2025-03-27 14:11:30</subfield>
    <subfield code="w">2025-03-27</subfield>
    <subfield code="y">BK</subfield>
  </datafield>
  <datafield tag="999" ind1=" " ind2=" ">
    <subfield code="c">331</subfield>
    <subfield code="d">331</subfield>
  </datafield>
</record>
